Indian penal code (Record no. 439673)

000 -LEADER
fixed length control field 00393cam a22001457a 4500
008 - FIXED-LENGTH DATA ELEMENTS--GENERAL INFORMATION
fixed length control field 180718b2009 xxu||||| |||| 00| 0 eng d
020 ## - INTERNATIONAL STANDARD BOOK NUMBER
International Standard Book Number 9789380289083
082 ## - DEWEY DECIMAL CLASSIFICATION NUMBER
Classification number G932x54 M691
100 ## - MAIN ENTRY--PERSONAL NAME
Personal name Mishra, S. N.
245 ## - TITLE STATEMENT
Title Indian penal code
Statement of responsibility, etc. by S. N. Mishra
250 ## - EDITION STATEMENT
Edition statement 17th ed.
260 ## - PUBLICATION, DISTRIBUTION, ETC.
Place of publication, distribution, etc. Allahabad
Name of publisher, distributor, etc. Central Law
Date of publication, distribution, etc. 2009
300 ## - PHYSICAL DESCRIPTION
Extent 832p.
650 ## - SUBJECT ADDED ENTRY--TOPICAL TERM
Topical term or geographic name entry element India (Republic) Criminal law 1947-
Holdings
Withdrawn status Lost status Damaged status Not for loan Permanent Location Current Location Date acquired Full call number Barcode Date last seen Price effective from Koha item type
        Indian Institute of Public Administration Indian Institute of Public Administration 2010-05-06 G932x54 M691 83775 2018-07-21 2018-07-21 Book

Powered by Koha